000 00250nam a2200109Ia 4500
008 220204s9999 xx 000 0 und d
082 _a082.09
_bHAW
100 _aHawkes, Terence
245 0 _aMataphor
260 _aLondon
_bMethuen
_c1972
942 _cBK
999 _c34157
_d34157